| 000 | 01198nam a2200301 i 4500 | ||
|---|---|---|---|
| 001 | 000048209 | ||
| 003 | DO-SdBNP | ||
| 005 | 20240506152531.0 | ||
| 007 | ta | ||
| 008 | 181205s2016 dr ac r 000 0 spa d | ||
| 020 | _a9789945586596 | ||
| 040 |
_aDO-SdBNP _bspa _cBNPHU _erda |
||
| 082 | 4 |
_bA485n _222 |
|
| 100 | 1 |
_aAmaral, Brunilda, _975652 _eautor |
|
| 245 | 1 | 0 |
_aNi mártir ni heroína : _buna mujer decidida. Memorias / _cBrunilda Amaral ; prólogo, Tony Raful ; cuidado de edición, Juan Francisco Domínguez Novas ; colaboradores, Rafael del Monte Soriano y Yahaira Fernández Amaral |
| 264 |
_aSanto Domingo : _bArchivo General de la Nación, _c2016. |
||
| 300 |
_a244 páginas : _bilustraciones, retratos ; _c23 cm. |
||
| 336 |
_2rdacontent _atexto _btxt |
||
| 337 |
_2rdamedia _asin mediación _bn |
||
| 338 |
_2rdacarrier _avolumen _bnc |
||
| 490 |
_aArchivo General de la Nación _v264 |
||
| 590 | _aInventariado, 2024/BT | ||
| 700 | 1 |
_aRaful, Tony, _d1951- _eprólogo _91377 |
|
| 700 | 1 |
_aDomínguez Novas, _ecuidado de edición _985389 |
|
| 700 | 1 |
_aDel Monte Soriano, Rafael, _ecolaborador _985390 |
|
| 700 | 1 |
_aFernández Vásquez, Yahaira, _ecolaboradora _985391 |
|
| 942 |
_2ddc _cLBS1 |
||
| 999 |
_c47697 _d47697 |
||